| 000 | 00443cam a2200181ua 4500 | ||
|---|---|---|---|
| 020 | _c7.00 | ||
| 041 |
_aeng _h |
||
| 082 |
_a539 _bKON/ST |
||
| 100 | _aKondratyev, V . | ||
| 245 |
_aStructure of atoms and molecules / _cV Kondratyev. _hTextual Documents |
||
| 250 |
_a1 / _b. |
||
| 260 |
_aMoscow : _bForeign Language Publishing House. |
||
| 300 | _a530 ; . | ||
| 365 | _a7.00 | ||
| 504 | _a | ||
| 942 | _cBK | ||
| 999 |
_c9227 _d9227 |
||